000 00369nam a22001577a 4500
999 _c1284
_d1284
008 200120b ||||| |||| 00| 0 eng d
082 0 0 _a604.2
_bB6144
100 _9873
_aBinns, H.
245 1 0 _aGeometrical drawing
_cby H Binns
250 _a1st
260 _aLondon
_bEUP
_c1948
300 _aix,145p.
365 _d5.14
650 0 _aGeometrical Drawing
942 _cBK